| 000 | 00864cam a22002417a 4500 | ||
|---|---|---|---|
| 999 |
_c57499 _d57499 |
||
| 001 | 15764144 | ||
| 005 | 20221107153927.0 | ||
| 008 | 090605s2010 caua b 001 0 eng d | ||
| 010 | _a 2009930128 | ||
| 020 | _a9781569757383 (pbk.) X | ||
| 020 | _a1569757380 (pbk.) X | ||
| 041 | _aeng | ||
| 080 | _a61:796 K-62 | ||
| 082 | 0 | 4 |
_a613.7/1887 _222 |
| 100 | 1 |
_aKnopf, Karl. _98875 |
|
| 245 | 1 | 0 |
_aHealthy shoulder handbook : _b100 exercises for treating and preventing frozen shoulder, rotator cuff and other common injuries / _cKarl Knopf ; photography by Austin Forbord. |
| 260 |
_aBerkeley, Calif. : _bUlysses Pr., _cc2010. |
||
| 300 |
_a160 p. : _bill. ; _c24 cm. |
||
| 650 | 0 |
_aArm exercises. _98877 |
|
| 653 | _aმედიცინა | ||
| 653 | _aხელებისა და მხრების ვარჯიშები | ||
| 942 |
_2udc _cBK |
||